Pays du littoral européen - Statistiques

Statistiques générales
  • Ce quiz a été pris 43 fois
  • Le résultat moyen est 20 sur 22
Réponses sur la Carte
Les réponses sont colorées sur une échelle allant du rouge au vert en fonction du pourcentage des utilisateurs qui les ont devinées à leur premier essai. Vous pouvez retrouver ces pourcentages ci-dessous.
 
Statistiques - réponses
Réponse % Correct
Albanie
98%
Croatie
98%
Espagne
98%
France
98%
Grèce
98%
Italie
98%
Portugal
98%
Finlande
95%
Norvège
95%
Suède
95%
Allemagne
93%
Belgique
93%
Danemark
93%
Pays bas
93%
Lettonie
91%
Montenegro
91%
Estonie
88%
Pologne
88%
Bosnie-Herzégovine
86%
Lituanie
86%
Slovenie
86%
Monaco
74%
Aucun quiz correspondant
Distribution des résultats
% des personnes avec chaque résultat
Percentile par nombre de réponses
Votre historique - résultats
Vous n’avez pas pris ce quiz